| Поле | Инд. | ПП | Название | Значение |
|---|---|---|---|---|
| Тип записи | a | |||
| Библиографический уровень | m | |||
| 001 | Контрольный номер | d84bb507-8797-4fe6-b048-f0006c041835 | ||
| 005 | Дата корректировки | 20140703144418.8 | ||
| 008 | Кодируемые данные | 060601 | ||
| 020 | a | ISBN | 5-7510-0350-0 | |
| c | Цена, тираж | 157.00 | ||
| 040 | a | Служба первич. каталог. | НБ ТвГУ | |
| 041 | a | Код языка текста | rus | |
| 080 | a | Индекс УДК | 02(063) | |
| 084 | a | Индекс другой классификации/Индекс ББК | Ч73я431 | |
| 090 | x | Авторский знак | Р86 | |
| a | Полочн. индекс | Ч73 | ||
| 242 | _4 | a | Перевод заглавия | The Rumyantsev readings |
| 245 | 10 | a | Заглавие | Румянцевские чтения |
| n | Номер части/ раздела | 2006 | ||
| p | Название части/ раздела | Материалы междунарной научной конференции (11-13 апр. 2006) | ||
| b | Продолж. заглавия | [тез. и сообщ.] | ||
| c | Ответственность | Рос. гос. б-ка ; [редкол.: И. П. Донскова (отв. ред.) и др. ; сост Л. Н. Тихонова] | ||
| 260 | 0_ | a | Место издания | Москва |
| b | Издательство | Пашков дом | ||
| c | Дата издания | 2006 | ||
| 300 | a | Объем | 359 с. | |
| 504 | a | Библиография | Библиогр. в конце отд. ст. | |
| 583 | a | Действие | Получение впервые 209 31.05.2006 | |
| k | Исполнитель действия | Книга-почтой | ||
| 650 | a | Основная рубрика | Библиотечное дело | |
| x | Основная подрубрика | Конференции международные | ||
| 650 | a | Основная рубрика | Библиотеки | |
| x | Основная подрубрика | Информационные технологии | ||
| 653 | a | Ключевые слова | Библиотечное дело | |
| a | Ключевые слова | Библиотеки | ||
| a | Ключевые слова | Редкие издания | ||
| a | Ключевые слова | Библиотечная деятельность | ||
| a | Ключевые слова | Информационные технологии | ||
| a | Ключевые слова | Книжная культура | ||
| a | Ключевые слова | Сборники | ||
| 700 | 1_ | a | Другие авторы | Донскова И. П. |
| e | Роль лиц | отв. ред. | ||
| 700 | 1_ | a | Другие авторы | Тихонова Людмила Николаевна |
| e | Роль лиц | сост. | ||
| 852 | t | Порядковый номер экземпляра | 1 | |
| p | Инвентарный номер | 843621 | ||
| 888 | a | За счет средств университета | ||
| 930 | a | Новая/Ретро | сборники | |
| 952 | p | 209.2006 157.00 1 843621 | ||
| c | Вид литературы | К рн | ||
| 954 | a | Дата поступления на обработку | 20060601 | |
| 999 | a | Подразделение 2 | ОМСО |